Vampire Diaries characters - Statistics

General Stats
  • This quiz has been taken 46 times
  • The average score is 44 of 107
Answer Stats
Answer % Correct
Bo
100%
Bonnie
100%
Damon
100%
Elena
100%
Stefan
100%
Carol
97%
Caroline
97%
Matt
97%
Tyler
97%
Katherine
95%
Rebekkah
95%
Jeremy
92%
Alaric
90%
Jenna
90%
Kol
90%
Elijah
85%
Jo
85%
John
79%
Amara
77%
Niklaus
77%
Abby
74%
Esther
74%
Isobel
74%
Silas
74%
Anna
72%
Sheila
72%
Kai
69%
Mikael
69%
Pearl
69%
Elizabeth
67%
Nadia
67%
Liv
64%
Luke
64%
Mason
62%
Emily
59%
Hayley
59%
Lexi
59%
Nora
59%
Vicky
59%
Bill
56%
Mary Louise
56%
Rose
56%
Sybil
56%
Lorenzo
51%
Valerie
51%
Josie
49%
Lillian
49%
Meredith
41%
Miranda
41%
Richard
41%
Jules
38%
Logan
38%
Zach
38%
Julian
36%
Seline
36%
April
33%
Trevor
33%
Wes
33%
Aaron
31%
Henrik
31%
Kelly
31%
Marcel
31%
Giuseppe
26%
Jesse
23%
Lucy
23%
Connor
21%
Jamie
21%
Sage
21%
Ben
18%
Davina
18%
Tessa
18%
Camille
15%
Joshua
15%
Sophie
15%
Tripp
15%
Peter
13%
Aimee
10%
Brady
10%
Fynn
10%
Liam
10%
Samantha
10%
Beatrice
8%
Violet
8%
Will
8%
Adrian
5%
Ethan
5%
William
5%
Alice
3%
Daniel
3%
George
3%
Lee
3%
Penny
3%
Virginia
3%
Zachariah
3%
Aja
0%
Ambrose
0%
Bethanne
0%
Carter
0%
Eddie
0%
Florence
0%
Genevieve
0%
Kaleb
0%
Keisha
0%
Kimberley
0%
Margaret
0%
Paige
0%
No matching quizzes found
Score Distribution
Percent of People with Each Score
Percentile by Number Answered
Your Score History
You have not taken this quiz